00681nam a2200205 i 4500001000300000100002000003245008000023250001200103260005500115300003300170521003200203650001600235651003400251020001500285040000800300041000700308080002100315008004100336856009800377bg1 aKOBA, Grażyna10aInformatyka :bpodstawowe tematy nie tylko dla gimnazjum /cGrażyna Koba. aWyd. 2. aWarszawa ;aWrocław :bWydaw. Szkolne PWN,c2000. a215, [1] s. :bil. ;c26 cm. aPodręcznik dla gimnazjum. 9aInformatyka aPodręczniki dla gimnazjów a8371950705 cBPK0 apl a004(075.3.053.6) s pl f |000 0 pol  uhttp://koha.tu.koszalin.pl/cgi-bin/koha/opac-detail.pl?biblionumber=38537yKatalog online BPK